Parry's valuation and investment tables (Record no. 101755)

MARC details
000 -LEADER
fixed length control field 00785cam a2200265 4500
008 - FIXED-LENGTH DATA ELEMENTS--GENERAL INFORMATION
fixed length control field #DATE n2002 000 0 eng u
020 ## - INTERNATIONAL STANDARD BOOK NUMBER
International Standard Book Number 0728203685
035 ## - SYSTEM CONTROL NUMBER
System control number (Sirsi) u115405
041 ## - LANGUAGE CODE
Language code of text/sound track or separate title eng
050 ## - LIBRARY OF CONGRESS CALL NUMBER
Classification number 333.3320212
100 ## - MAIN ENTRY--PERSONAL NAME
Personal name Davidson, A.W.
245 ## - TITLE STATEMENT
Title Parry's valuation and investment tables
250 ## - EDITION STATEMENT
Edition statement 12th ed.
260 ## - PUBLICATION, DISTRIBUTION, ETC.
Place of publication, distribution, etc. London
Name of publisher, distributor, etc. College of Estate Management
Date of publication, distribution, etc. 2002
300 ## - PHYSICAL DESCRIPTION
Extent xxviii, 550p. ; 22cm.
350 ## - PRICE (NR) (BK AM CF MU VM SE) [OBSOLETE]
Price 27.00
520 ## - SUMMARY, ETC.
Summary, etc. Deals with not only updated life tables but also quarterly in advance valuation tables
650 ## - SUBJECT ADDED ENTRY--TOPICAL TERM
Topical term or geographic name entry element COLLEGE OF ESTATE MANAGEMENT
650 ## - SUBJECT ADDED ENTRY--TOPICAL TERM
Topical term or geographic name entry element ENGLISH LIFE TABLES
650 ## - SUBJECT ADDED ENTRY--TOPICAL TERM
Topical term or geographic name entry element INVESTMENT TABLES
650 ## - SUBJECT ADDED ENTRY--TOPICAL TERM
Topical term or geographic name entry element QUARTERLY IN ADVANCE
650 ## - SUBJECT ADDED ENTRY--TOPICAL TERM
Topical term or geographic name entry element VALUATION TABLES
700 ## - ADDED ENTRY--PERSONAL NAME
Personal name Parry, Richard
942 ## - ADDED ENTRY ELEMENTS (KOHA)
Suppress in OPAC 0
Holdings
Withdrawn status Lost status Damaged status Not for loan Home library Current library Shelving location Date acquired Cost, normal purchase price Total Checkouts Full call number Barcode Date last seen Date last checked out Copy number Cost, replacement price Price effective from Koha item type Source of classification or shelving scheme
  Missing     London London Missing 19/01/2005 27.00 38 BASEMENT 61 30067395 06/08/2019 08/10/2010 2 27.00 06/08/2019 Book  
        London London Missing 22/03/2002 22.95 55 BASEMENT 61 30064894 06/08/2019 05/06/2009 3 22.95 06/08/2019 Book Dewey Decimal Classification
        London London Basement 21/02/2011 20.09   BASEMENT 61 30075654 06/08/2019   4 20.09 06/08/2019 Book Dewey Decimal Classification